LEADER 02301nam a2200361 i 4500 001 000000212503 003 CaOOAMICUS 005 20230703124114.0 008 120417s1608 ne u000 u lat u 026 $aum*- a-u- t,ne IgAu (3) 1608 (R) 040 $aSeMil$bita 100 1 $aHoratius Flaccus, Quintus,$d<65-8 a.C.>.$0(OLS)http://semarc/name/3361 245 10$aQ. Horatius Flaccus, cum erudito Laevini Torrentii commentario, nunc primům in lucem edito. Item Petri Nannii Alcmariani in artem poeticam. 264 1$aAntverpiae :$bEx Officina Plantiniana, apud viduam et Ioannem Moretum,$c1608. 300 $a[20], 839, [49] p., 2 carte di tav. :$britr. calcogr. ;$c4°. 500 $aTesto su due colonne 500 $aTestatine, iniziali e fregi xilogr. 500 $aRitr. calcogr. di Laevinus Torrentius a c. 2*1v. sottoscritta: Ioan. Bochius e ritr. calcogr. di Orazio a c. 2*3v. 500 $aSegn.: *4-2*4 3* 2A-Z4 a-z4 2A-2Z4, 22A-2Z4, 2a-2n4, 2A-F4 500 $aMarca editoriale: Mano che esce da nuvola impugna un compasso. Ai lati della cornice uomo con vanga e donna con croce. Motto: Labore et constantia. (B11109) [Sul front.]. 500 $aSporadiche tracce d'uso (Note ms. a penna). - Tarlature di diverse dimensioni sui piatti e nelle prime e ultime cc. - Gore di umiditŕ. - Capitello superiore deteriorato. - C. 433 strappata ma presente 700 1 $aNanninck, Pieter,$d<1500-1557>.$0(OLS)http://semarc/name/11631 700 1 $aBochius, Ioannes .$0(OLS)http://semarc/name/75814 700 1 $aTorrentius, Laevinus,$d<1525-1595>.$0(OLS)http://semarc/name/75813 700 1 $aMoretus, Jan,$c.$0(OLS)http://semarc/name/23830 710 0 $aOfficina Plantiniana$b.$0(OLS)http://semarc/name/23831 850 $aSeMil 852 $aSeMil$W1$xVenegono$y1$m1Y V 57 FA$j162937$B162937$CSeMilBibl$Z2$F174067 $8I 900 1 $aOrazio. 996 $6245$aQ. Horatius Flaccus, cum erudito Laevini Torrentii commentario, nunc primům in lucem edito. Item Petri Nannii Alcmariani in artem poeticam$9(OLS)http://semarc/title/306777 996 $6264$aAntverpiae :$bEx Officina Plantiniana, apud viduam et Ioannem Moretum$9(OLS)http://semarc/publisher/52662 LEADER 01206nam a2200217 i 4500 001 000000030828 003 CaOOAMICUS 005 20180830125449.0 008 180830s1760 it u000 u ita u 040 $aSeMil$bita 245 10$aUniversa moralis theologia, qua non solum principia speculativa sed etiam regulae practicae ad usum confessariorum explicantur. Authore Constantino Roncaglia ... Tomus 1. [-2.]. 260 $aVenetiis :$bTypis Francisci Pitteri,$c1760. 300 $a2 v. ;$cfol. 500 $aCors. ; rom. - Iniz., testatine xilogr. - Testo su due colonne. - Legati insieme i 2 vol. 650 4$aTeologia morale - Manuali.$0(OLS)http://semarc/subject/610 700 1 $aPitteri, Francesco,$c.$0(OLS)http://semarc/name/2852 700 1 $aRoncaglia, Costantino,$d<1677-1737>.$0(OLS)http://semarc/name/7562 774 0 $tTomus 1.$g1$w()51722 774 0 $tTomus 2.$g2$w()235045 996 $6245$aUniversa moralis theologia, qua non solum principia speculativa sed etiam regulae practicae ad usum confessariorum explicantur. Authore Constantino Roncaglia ... Tomus 1. [-2.]$9(OLS)http://semarc/title/41955 996 $6260$aVenetiis :$bTypis Francisci Pitteri$9(OLS)http://semarc/publisher/37528